[Event "Cornella de Llobregat op 8th"]
[Site "Cornella de Llobregat"]
[Date "2022.09.26"]
[Round "1"]
[White "Sanglas Clariana, Josep"]
[Black "Varela Cuadrado, Cesar M"]
[Result "1-0"]
[WhiteElo "2269"]
[BlackElo "1716"]
[PlyCount "57"]
[EventDate "2022.09.26"]
[EventType "swiss"]
[EventRounds "9"]
[EventCountry "ESP"]
[SourceTitle "EXT 2024"]
[Source "ChessBase"]
[SourceDate "2023.10.10"]
[SourceVersion "1"]
[SourceVersionDate "2023.10.10"]
[SourceQuality "1"]

1. d4 Nf6 2. Bf4 d6 3. Nc3 g6 4. e4 Bg7 5. Qd2 h5 6. 0-0-0 a6 7. Nf3 Bg4 8. Qe3 Nfd7 9. e5 b5 10. exd6 cxd6 11. h3 Bxf3 12. Qxf3 Nb6 13. g4 N8d7 14. Bg2 Rc8 15. Rhe1 Nf6 16. g5 Nh7 17. Qb7 0-0 18. Qxe7 Rxc3 19. Qxd8 Rxc2+ 20. Kxc2 Rxd8 21. Re7 Nf8 22. Rb7 Rc8+ 23. Kb1 Ne6 24. Be3 Nc4 25. h4 Nxe3 26. fxe3 Re8 27. Bc6 Rd8 28. Bd5 Re8 29. Rf1 1-0

[Event "Cornella Pinol Memorial 6th"]
[Site "Cornella de Llobregat"]
[Date "2018.11.12"]
[Round "8"]
[White "Prats Rodriguez, Juan Bosco"]
[Black "Varela Cuadrado, Cesar M"]
[Result "1-0"]
[WhiteElo "1997"]
[BlackElo "1844"]
[PlyCount "101"]
[EventDate "2018.09.24"]
[EventType "swiss"]
[EventRounds "9"]
[EventCountry "ESP"]
[SourceTitle "CBM 187 Extra"]
[Source "ChessBase"]
[SourceDate "2018.11.04"]
[SourceVersion "1"]
[SourceVersionDate "2018.11.04"]
[SourceQuality "1"]

1. e4 d5 2. exd5 Qxd5 3. Nc3 Qd6 4. d4 Nf6 5. Nf3 c6 6. g3 Bf5 7. Bg2 h6 8. 0-0 e6 9. Na4 Be7 10. c4 Na6 11. Bf4 Qd8 12. a3 0-0 13. Qb3 Qc8 14. Rac1 Nh5 15. Be3 Nc7 16. Rfd1 Rd8 17. Nc3 Nf6 18. h3 Bh7 19. g4 Ne4 20. Ne5 Nxc3 21. Rxc3 Bf6 22. Bf4 Bxe5 23. Bxe5 Na6 24. Rcc1 Rd7 25. Qe3 Qd8 26. b4 Rc8 27. Rd2 Nc7 28. Rcd1 Kh8 29. b5 Ne8 30. d5 exd5 31. cxd5 cxb5 32. Qxh6 f6 33. Qh5 fxe5 34. g5 Rd6 35. Be4 g6 36. Qg4 Ng7 37. h4 Qd7 38. Qg3 Qe7 39. Re2 Nh5 40. Qh2 Nf4 41. Re3 Qd7 42. Bf3 Qf5 43. Rde1 Re8 44. Qg3 Rf8 45. Bg4 Qc2 46. Rxe5 Nd3 47. Re8 Rd8 48. Qe3 Bg8 49. Qd4+ Kh7 50. R1e7+ Rf7 51. Rxf7+ 1-0

[Event "Barcelona Ponce Memorial 3rd"]
[Site "Barcelona"]
[Date "2018.05.19"]
[Round "7"]
[White "Varela Cuadrado, Cesar M"]
[Black "Garcia Ruiz, Adrian"]
[Result "1-0"]
[WhiteElo "1811"]
[BlackElo "1964"]
[PlyCount "81"]
[EventDate "2018.04.07"]
[EventType "swiss"]
[EventRounds "9"]
[EventCountry "ESP"]
[SourceTitle "CBM 184 Extra"]
[Source "ChessBase"]
[SourceDate "2018.06.28"]
[SourceVersion "1"]
[SourceVersionDate "2018.06.28"]
[SourceQuality "1"]

1. e4 e6 2. d4 d5 3. Nc3 Nf6 4. e5 Nfd7 5. f4 c5 6. Nf3 Nc6 7. Be3 a6 8. Qd2 b5 9. dxc5 Bxc5 10. Bxc5 Nxc5 11. Bd3 b4 12. Ne2 Qb6 13. Nfd4 Nxd4 14. Nxd4 a5 15. Bb5+ Bd7 16. Bxd7+ Nxd7 17. 0-0 0-0 18. Kh1 Rac8 19. Rae1 Rc4 20. c3 Rfc8 21. f5 bxc3 22. bxc3 Rxc3 23. f6 Qd8 24. fxg7 Qh4 25. Nb5 Rc2 26. Qe3 Qg4 27. Rf2 Qxg7 28. Nd6 R8c3 29. Qa7 Qxe5 30. Qa8+ Rc8 31. Qxa5 Rxf2 32. Nxc8 Qf6 33. Qb5 Nf8 34. h3 d4 35. Nd6 Qg6 36. Rg1 Rxa2 37. Ne8 Rf2 38. Qe5 d3 39. Qd4 Rd2 40. Nf6+ Kg7 41. Ne4+ 1-0

[Event "Sant Adria op 14th"]
[Site "Sant Adria de Besos"]
[Date "2018.04.29"]
[Round "2.1"]
[White "Valenzuela Gomez, Fernando Alberto"]
[Black "Varela Cuadrado, Cesar M"]
[Result "1-0"]
[WhiteElo "2418"]
[BlackElo "2002"]
[PlyCount "44"]
[EventDate "2018.04.15"]
[EventType "swiss"]
[EventRounds "9"]
[EventCountry "ESP"]
[SourceTitle "EXT 2024"]
[Source "ChessBase"]
[SourceDate "2023.10.10"]
[SourceVersion "1"]
[SourceVersionDate "2023.10.10"]
[SourceQuality "1"]

1. d4 Nf6 2. c4 g6 3. Nc3 Bg7 4. e4 d6 5. Nf3 0-0 6. Be2 e5 7. 0-0 Nc6 8. d5 Ne7 9. Bd2 a5 10. a3 Nh5 11. b4 Nf4 12. Rc1 Nxe2+ 13. Qxe2 axb4 14. axb4 f5 15. h3 fxe4 16. Nxe4 Ra3 17. Be3 Nf5 18. Ra1 Rxa1 19. Rxa1 Nxe3 20. Qxe3 Bf5 21. Nfd2 Qh4 22. Qg3 Qh5 1-0

[Event "Barcelona La Lira op 36th"]
[Site "Barcelona"]
[Date "2018.02.09"]
[Round "4.5"]
[White "Villar Reymundo, Juan Antonio"]
[Black "Varela Cuadrado, Cesar M"]
[Result "1-0"]
[WhiteElo "2121"]
[BlackElo "1825"]
[PlyCount "73"]
[EventDate "2018.01.19"]
[EventType "swiss"]
[EventRounds "8"]
[EventCountry "ESP"]
[SourceTitle "EXT 2024"]
[Source "ChessBase"]
[SourceDate "2023.10.10"]
[SourceVersion "1"]
[SourceVersionDate "2023.10.10"]
[SourceQuality "1"]

1. d4 Nf6 2. Bf4 g6 3. Nc3 Bg7 4. e4 d6 5. Qd2 c6 6. 0-0-0 0-0 7. Bh6 b5 8. f3 b4 9. Nce2 Qa5 10. Kb1 Be6 11. Nc1 Na6 12. h4 Nh5 13. Bxa6 Qxa6 14. g4 Ng3 15. Bxg7 Kxg7 16. Rh3 Nxe4 17. fxe4 Bxg4 18. Nd3 Bxd1 19. Qxd1 h5 20. Nxb4 Qc4 21. c3 a5 22. Nd3 Rab8 23. Qd2 a4 24. Ne2 e5 25. Re3 Rb5 26. dxe5 dxe5 27. Nec1 Rfb8 28. Re2 Qe6 29. Qe3 Qe7 30. Qg3 Qa3 31. Nb4 Rxb4 32. Qxe5+ f6 33. Qe7+ Kh6 34. cxb4 Qxb4 35. Qxf6 Rf8 36. Nd3 Qxb2+ 37. Qxb2 1-0

[Event "Sant Boi op 29th"]
[Site "Sant Boi de Llobregat"]
[Date "2017.05.19"]
[Round "5"]
[White "Palacios Sanchez, Gabriel"]
[Black "Varela Cuadrado, Cesar M"]
[Result "0-1"]
[WhiteElo "1942"]
[BlackElo "1734"]
[PlyCount "56"]
[EventDate "2017.04.21"]
[EventType "swiss"]
[EventRounds "9"]
[EventCountry "ESP"]
[SourceTitle "CBM 187 Extra"]
[Source "ChessBase"]
[SourceDate "2018.11.04"]
[SourceVersion "1"]
[SourceVersionDate "2018.11.04"]
[SourceQuality "1"]

1. b4 e6 2. Bb2 Nf6 3. a3 c5 4. bxc5 Bxc5 5. e3 d5 6. Nf3 Nbd7 7. c4 0-0 8. cxd5 Nxd5 9. Qc2 b6 10. Bd3 N7f6 11. Nc3 Bb7 12. Ke2 h6 13. h4 Rc8 14. Rag1 Nxc3+ 15. dxc3 Qe7 16. a4 e5 17. Bf5 Rc7 18. c4 Bd6 19. g4 Nd5 20. Rh3 Re8 21. Rhg3 Nb4 22. Qc3 Rxc4 23. Qd2 Bxf3+ 24. Rxf3 e4 25. Bxe4 Qxe4 26. Rc1 Rxc1 27. Bxc1 Qc4+ 28. Kd1 Rc8 0-1

[Event "Hospitalet de Llobregat Ponce 3rd"]
[Site "Hospitalet de Llobregat"]
[Date "2017.05.13"]
[Round "6"]
[White "Daguro Dasalla, Armando"]
[Black "Varela Cuadrado, Cesar M"]
[Result "1-0"]
[WhiteElo "1961"]
[BlackElo "1734"]
[PlyCount "81"]
[EventDate "2017.04.01"]
[EventType "swiss"]
[EventRounds "9"]
[EventCountry "ESP"]
[SourceTitle "EXT 2018"]
[Source "ChessBase"]
[SourceDate "2017.10.13"]
[SourceVersion "1"]
[SourceVersionDate "2017.10.13"]
[SourceQuality "1"]

1. d4 Nf6 2. Nf3 g6 3. c4 Bg7 4. Nc3 d6 5. e4 0-0 6. Be2 e5 7. 0-0 Nc6 8. d5 Ne7 9. b4 a5 10. Ba3 axb4 11. Bxb4 b6 12. a4 Nd7 13. Qc2 f5 14. Ng5 Nc5 15. Bxc5 bxc5 16. Nf3 f4 17. Ne1 g5 18. f3 h5 19. Ra3 g4 20. fxg4 hxg4 21. Nd1 Ng6 22. Nf2 Qg5 23. Kh1 g3 24. Nh3 Bxh3 25. gxh3 Rf7 26. Bg4 Rf6 27. Nf3 Qh6 28. a5 Raf8 29. a6 g2+ 30. Qxg2 Nh4 31. Qf2 Nxf3 32. Qxf3 Rb8 33. Rg1 Qh4 34. Be6+ Kh8 35. Ra2 Rh6 36. Rag2 Bf6 37. Rg4 Qh5 38. Qg2 f3 39. Rg8+ Kh7 40. Qf2 Rxg8 41. Bxg8+ 1-0

[Event "Barcelona Sant Marti op-B 17th"]
[Site "Barcelona"]
[Date "2015.07.20"]
[Round "8"]
[White "Varela Cuadrado, Cesar M"]
[Black "Serentill Tost, Eduard"]
[Result "0-1"]
[WhiteElo "1876"]
[BlackElo "1808"]
[PlyCount "146"]
[EventDate "2015.07.13"]
[EventType "swiss"]
[EventRounds "9"]
[EventCountry "ESP"]
[SourceTitle "EXT 2016"]
[Source "ChessBase"]
[SourceDate "2015.10.08"]
[SourceVersion "1"]
[SourceVersionDate "2015.10.08"]
[SourceQuality "1"]

1. e4 e6 2. d4 d5 3. Nc3 Nf6 4. e5 Nfd7 5. f4 c5 6. Nf3 Nc6 7. Be3 cxd4 8. Nxd4 Nxd4 9. Bxd4 Bc5 10. Nb5 0-0 11. c3 Bxd4 12. Nxd4 Nc5 13. Be2 f6 14. 0-0 fxe5 15. fxe5 Rxf1+ 16. Qxf1 Bd7 17. Qf4 Qe7 18. Rf1 Rf8 19. Qe3 Rxf1+ 20. Bxf1 Qh4 21. Nf3 Qe7 22. Be2 b6 23. Bd1 Nb7 24. Bc2 Qc5 25. Nd4 Nd8 26. Qd3 g6 27. h4 Qe7 28. Qg3 Qg7 29. Bb3 Nf7 30. Bxd5 Qxe5 31. Qxe5 Nxe5 32. Nxe6 Bxe6 33. Bxe6+ Kg7 34. b4 Nd3 35. Kf1 Kf6 36. Bc4 Ne5 37. Ba6 Kf5 38. Kf2 Ke4 39. Ke2 Kf4 40. Kf2 Ng4+ 41. Kg1 Kg3 42. c4 Ne3 43. c5 bxc5 44. bxc5 Nd5 45. Bc4 Nc7 46. Bg8 Kxh4 47. Bxh7 Kg5 48. Bg8 Kf6 49. Kf2 Na6 50. c6 Nc7 51. Bc4 Ke5 52. a4 Kd4 53. Bb5 a6 54. Be2 Kc5 55. Bf3 Kd6 56. Ke3 Ne6 57. Ke4 Nc5+ 58. Kf4 Nxa4 59. Kg5 Nc5 60. Kxg6 a5 61. Kf7 a4 62. Bd5 Kxd5 63. c7 Nb7 64. g4 Nd6+ 65. Kf8 a3 66. g5 a2 67. g6 a1Q 68. g7 Qf1+ 69. Kg8 Ke6 70. Kh7 Qf7 71. Kh8 Qh5+ 72. Kg8 Kf6 73. c8Q Nxc8 0-1

[Event "Barcelona Sant Marti op-B 17th"]
[Site "Barcelona"]
[Date "2015.07.19"]
[Round "7"]
[White "Valbuena Castro, Gregorio"]
[Black "Varela Cuadrado, Cesar M"]
[Result "1-0"]
[WhiteElo "1944"]
[BlackElo "1876"]
[PlyCount "99"]
[EventDate "2015.07.13"]
[EventType "swiss"]
[EventRounds "9"]
[EventCountry "ESP"]
[SourceTitle "EXT 2016"]
[Source "ChessBase"]
[SourceDate "2015.10.08"]
[SourceVersion "1"]
[SourceVersionDate "2015.10.08"]
[SourceQuality "1"]

1. e4 c5 2. b4 cxb4 3. d4 e6 4. Nf3 Nf6 5. Bd3 d5 6. e5 Ne4 7. 0-0 Nc6 8. Re1 Nc3 9. Nxc3 bxc3 10. Ng5 a6 11. Bxh7 Be7 12. Nxf7 Kxf7 13. Qf3+ Ke8 14. Bg6+ Kd7 15. Be3 Qf8 16. Qe2 Ba3 17. Rab1 Bb2 18. f4 Nxd4 19. Qf2 Nf5 20. Bc5 Qd8 21. Bxf5 Qh4 22. g3 Qh5 23. Bd3 Kc6 24. Bd6 b6 25. a4 Bd7 26. a5 Qxh2+ 27. Qxh2 Rxh2 28. Kxh2 bxa5 29. Rxb2 cxb2 30. Rb1 Be8 31. Rxb2 Bh5 32. c4 Bf3 33. Rb8 Rxb8 34. Bxb8 Kc5 35. Ba7+ Kb4 36. cxd5 Bxd5 37. g4 Kc3 38. Bxa6 a4 39. Bc5 Kb3 40. f5 a3 41. f6 gxf6 42. exf6 e5 43. Bxa3 Kxa3 44. g5 Bf7 45. Bd3 Kb4 46. g6 Kc3 47. gxf7 Kxd3 48. f8Q e4 49. Qd6+ Ke2 50. f7 1-0